000 00554nam a22002177a 4500
999 _c459517
_d459517
001 216218589
003 UA-OsUOA
005 20200610112224.0
008 200610b un ||||| |||| 00| 0 ukr d
040 _aUA-OsUOA
_bukr
_cUA-OsUOA
_dUA-OsUOA
041 _aukr
082 _292
090 _a92
_bК63
100 _aКомолова Н. П
245 _aПальмиро Тольятти
_cН. П. Комолова
260 _aМосква
_bПолитиздат
_c1983
300 _a220 с.
650 _292
942 _2udc
_cBK
955 _a1